[Event "Mechanics' Spring TNM; 30/90, SD/30"]
[Site "San Francisco"]
[Date "2010.03.23"]
[Round "2.6"]
[White "Chen, Mingson"]
[Black "Wong, Russell"]
[Result "0-1"]
[WhiteElo "1923"]
[BlackElo "2200"]
[PlyCount "49"]
[EventDate "2010.??.??"]

1. c4 e5 2. e3 Nc6 3. a3 g6 4. b4 Bg7 5. Bb2 d6 6. Nf3 Nge7 7. Be2 O-O 8. d4 e4
9. Nfd2 f5 10. Nc3 Bd7 11. O-O Kh8 12. b5 Na5 13. f4 exf3 14. Bxf3 f4 15. exf4
Bxd4+ 16. Kh1 Nf5 17. Qb1 Bg7 18. Nd5 c6 19. Bxg7+ Nxg7 20. bxc6 bxc6 21. Ne3
Rxf4 22. g3 Rf8 23. Ne4 Bh3 24. Bg2 Bxg2+ 25. Kxg2 {
Both scoresheets are indecipherable from this point . Black won in 46 moves.}
0-1

[Event "Mechanics' Spring TNM; 30/90, SD/30"]
[Site "San Francisco"]
[Date "2010.04.06"]
[Round "4.20"]
[White "Cheng, Andrew"]
[Black "Campers, Willie"]
[Result "1-0"]
[WhiteElo "1314"]
[BlackElo "1686"]
[PlyCount "37"]
[EventDate "2010.??.??"]

1. c4 c5 2. Nc3 Nc6 3. Nf3 d6 4. g3 Bd7 5. Bg2 Qc8 6. d3 Bh3 7. Bxh3 Qxh3 8.
Be3 g6 9. Qd2 Bg7 10. O-O-O Nf6 11. d4 cxd4 12. Nxd4 Ne5 13. Kb1 Nxc4 14. Qd3
Nxe3 15. fxe3 O-O 16. Ne4 Ng4 17. Rdf1 Bh6 18. Nf2 a5 19. Nxh3 1-0

[Event "Mechanics' Spring TNM; 30/90, SD/30"]
[Site "San Francisco"]
[Date "2010.04.27"]
[Round "7.21"]
[White "Cheng, Andrew"]
[Black "Cohee, James"]
[Result "1-0"]
[WhiteElo "1314"]
[BlackElo "1640"]
[PlyCount "59"]
[EventDate "2010.??.??"]

1. c4 e5 2. Nc3 Nf6 3. d3 Bb4 4. a3 Bxc3+ 5. bxc3 h6 6. Nf3 d6 7. g3 Nc6 8. Bg2
O-O 9. O-O Be6 10. e4 Qd7 11. Be3 Bg4 12. Qd2 Qe6 13. Nh4 Ne7 14. f4 exf4 15.
gxf4 Nh7 16. f5 Qf6 17. Qf2 Nc6 18. d4 Na5 19. h3 Bh5 20. Bf4 Rae8 21. e5 Qd8
22. Rae1 g5 23. fxg6 fxg6 24. Nxg6 Bxg6 25. Bd5+ Kh8 26. Qg3 c6 27. exd6 Rxe1
28. Rxe1 Nf6 29. Re7 cxd5 30. Be5 1-0

[Event "Mechanics' Spring TNM; 30/90, SD/30"]
[Site "San Francisco"]
[Date "2010.05.04"]
[Round "8.13"]
[White "Cheng, Andrew"]
[Black "Newey, Richard"]
[Result "0-1"]
[WhiteElo "1314"]
[BlackElo "1754"]
[PlyCount "114"]
[EventDate "2010.??.??"]

1. c4 Nf6 2. Nc3 b6 3. d4 Bb7 4. d5 c5 5. Nf3 d6 6. g3 g6 7. Bg2 Bg7 8. O-O O-O
9. Re1 Na6 10. e4 Nc7 11. e5 Ng4 12. Bf4 Ba6 13. b3 b5 14. cxb5 Nxb5 15. Nxb5
Bxb5 16. h3 Nxe5 17. Nxe5 dxe5 18. Bxe5 Bxe5 19. Rxe5 Qd6 20. f4 a5 21. a4 Ba6
22. Qd2 Bb7 23. Rae1 e6 24. g4 exd5 25. f5 Qb6 26. Qh6 Ra6 27. g5 gxf5 28. Qxb6
Rxb6 29. Rxf5 Rd8 30. Re7 Bc8 31. Rfxf7 Rg6 32. h4 h6 33. gxh6 Rxh6 34. Rg7+
Kh8 35. Ra7 d4 36. Ra8 d3 37. Rg3 Rhd6 38. Bf3 Bb7 39. Rxd8+ Rxd8 40. Bxb7 d2
41. Bf3 Rd3 42. Kg2 Rxf3 43. Rxf3 d1=Q 44. Kg3 Kg7 45. Kf4 Qd4+ 46. Kg3 Kg6 47.
Rf4 Qe5 48. Kg4 Qe6+ 49. Kg3 Qxb3+ 50. Kg4 c4 51. h5+ Kg7 52. Rf5 Qd1+ 53. Kg5
Qd2+ 54. Kg4 Qg2+ 55. Kf4 Qf2+ 56. Kg4 Qxf5+ 57. Kxf5 c3 0-1

[Event "Mechanics' Spring TNM; 30/90, SD/30"]
[Site "San Francisco"]
[Date "2010.04.27"]
[Round "7.17"]
[White "Chernobilskiy, Mikhail"]
[Black "Allen, Tom"]
[Result "1-0"]
[WhiteElo "1858"]
[BlackElo "1547"]
[PlyCount "73"]
[EventDate "2010.??.??"]

1. e4 e5 2. Nf3 Nc6 3. Bc4 Nf6 4. Ng5 d5 5. exd5 Na5 6. Bb5+ c6 7. dxc6 bxc6 8.
Be2 h6 9. Nf3 e4 10. Ng1 Bc5 11. c3 Qb6 12. d4 exd3 13. Qxd3 Bxf2+ 14. Kf1 O-O
15. Nd2 Ng4 16. Bxg4 Bxg4 17. b4 Rfe8 18. Ne4 Bxg1 19. bxa5 Qb5 20. Qxb5 cxb5
21. Nd6 Re6 22. Nxb5 Be2+ 23. Kxg1 Bxb5 24. Bf4 Rae8 25. h4 Re2 26. Rh3 Bc6 27.
Rg3 Kh7 28. a3 R8e4 29. Rf1 Ra4 30. Be3 Bd5 31. Bd4 f6 32. Rf5 Rxa5 33. c4 Ra4
34. Rxd5 Rxc4 35. Rd7 Rc1+ 36. Kh2 Ree1 37. Rdxg7+ 1-0

[Event "Mechanics' Spring TNM; 30/90, SD/30"]
[Site "San Francisco"]
[Date "2010.03.30"]
[Round "3.16"]
[White "Chernobilskiy, Mikhail"]
[Black "Cohee, James"]
[Result "1-0"]
[WhiteElo "1858"]
[BlackElo "1640"]
[PlyCount "81"]
[EventDate "2010.??.??"]

1. d4 Nf6 2. Nf3 d5 3. c4 c6 4. Nc3 Bf5 5. Bf4 dxc4 6. a4 e6 7. Ne5 Nd5 8. Qd2
Bd6 9. e4 Nxf4 10. exf5 Bxe5 11. dxe5 Qxd2+ 12. Kxd2 Nd7 13. Re1 O-O-O 14. Kc2
exf5 15. Bxc4 Ne6 16. b4 Rhe8 17. Bxe6 fxe6 18. a5 a6 19. f4 Nf8 20. Rd1 Rxd1
21. Rxd1 Rd8 22. Rxd8+ Kxd8 23. Na4 Nd7 24. Kd3 h6 25. h4 h5 26. Kd4 Ke8 27.
Nb2 b5 28. Nd3 Kd8 29. Ne1 Nf8 30. Nf3 Kc8 31. Ng5 g6 32. Nf7 Kc7 33. Nd6 Nd7
34. Ne8+ Kd8 35. Nd6 Ke7 36. Nb7 Nb8 37. Kc5 Nd7+ 38. Kxc6 Nxe5+ 39. fxe5 g5
40. hxg5 f4 41. Nd6 1-0

[Event "Mechanics' Spring TNM; 30/90, SD/30"]
[Site "San Francisco"]
[Date "2010.03.16"]
[Round "1.22"]
[White "Chernobilskiy, Mikhail"]
[Black "Frank, Robert"]
[Result "1-0"]
[WhiteElo "1858"]
[BlackElo "1212"]
[PlyCount "25"]
[EventDate "2010.??.??"]

1. e4 e5 2. f4 exf4 3. Nf3 g5 4. Bc4 Bg7 5. d4 c5 6. O-O cxd4 7. Nxg5 Qxg5 8.
Bxf4 Qf6 9. Bxb8 Rxb8 10. Rxf6 Bxf6 11. Qh5 d5 12. Bxd5 Be6 13. Bxe6 1-0

[Event "Mechanics' Spring TNM; 30/90, SD/30"]
[Site "San Francisco"]
[Date "2010.04.13"]
[Round "5.14"]
[White "Chernobilskiy, Mikhail"]
[Black "Woebcke, Carl"]
[Result "1/2-1/2"]
[WhiteElo "1858"]
[BlackElo "1748"]
[PlyCount "106"]
[EventDate "2010.??.??"]

1. e4 c5 2. Nf3 d6 3. d4 cxd4 4. Nxd4 Nf6 5. Nc3 a6 6. h3 b5 7. g4 Bb7 8. Bg2
b4 9. g5 bxc3 10. gxf6 Qa5 11. b4 Qe5 12. f4 Qxf6 13. O-O e5 14. fxe5 Qd8 15.
Qf3 Qd7 16. Bf4 Nc6 17. Nxc6 Bxc6 18. Rad1 O-O-O 19. Qxc3 Kb8 20. exd6 Rc8 21.
Qd4 Bb7 22. h4 Ka8 23. Kh2 Rxc2 24. Rf2 Rxf2 25. Qxf2 g6 26. Qd4 Rg8 27. Qb6
Bg7 28. Qc7 Qg4 29. Rf1 Qxh4+ 30. Bh3 Rc8 31. d7 Rxc7 32. Bxc7 Bf6 33. Rxf6
Qxf6 34. d8=Q+ Qxd8 35. Bxd8 Bxe4 36. Bg2 Bxg2 37. Kxg2 Kb7 38. a4 Kc6 39. Kg3
f5 40. Bg5 Kd5 41. Bd2 Kc4 42. Kh4 h6 43. Be1 f4 44. Kg4 g5 45. Kh5 f3 46. a5
Kb5 47. Kg4 f2 48. Bxf2 Kxb4 49. Bb6 Kb5 50. Kh5 Ka4 51. Kg4 Kb5 52. Kh5 Ka4
53. Kxh6 g4 1/2-1/2

[Event "Mechanics' Spring TNM; 30/90, SD/30"]
[Site "San Francisco"]
[Date "2010.04.06"]
[Round "4.23"]
[White "Cohee, James"]
[Black "Cole, Tony"]
[Result "1-0"]
[WhiteElo "1640"]
[BlackElo "1364"]
[PlyCount "45"]
[EventDate "2010.??.??"]

1. d4 d5 2. c4 Nf6 3. cxd5 Nxd5 4. e4 Nf6 5. Nc3 Nc6 6. Be3 a6 7. h3 e6 8. a3
Be7 9. Nf3 h6 10. Bd3 Bd7 11. e5 Nd5 12. Nxd5 exd5 13. O-O g5 14. Nh2 Be6 15.
Rc1 Qd7 16. Qa4 h5 17. f4 Bxh3 18. f5 Bg4 19. Nxg4 hxg4 20. f6 Bf8 21. Bf5 Qd8
22. Rxc6 Qb8 23. Re6+ 1-0

[Event "Mechanics' Spring TNM; 30/90, SD/30"]
[Site "San Francisco"]
[Date "2010.03.23"]
[Round "2.14"]
[White "Cohee, James"]
[Black "Periwal, Prashant"]
[Result "1/2-1/2"]
[WhiteElo "1640"]
[BlackElo "1839"]
[PlyCount "105"]
[EventDate "2010.??.??"]

1. d4 d5 2. c4 e6 3. g3 dxc4 4. Bg2 Bb4+ 5. Bd2 Bxd2+ 6. Qxd2 Ne7 7. Nf3 Nbc6
8. O-O O-O 9. Na3 Nf5 10. e3 Nd6 11. Rfd1 f5 12. Rac1 Bd7 13. Ne5 Ne4 14. Qe2
Nxe5 15. dxe5 Qe8 16. Nxc4 Bc6 17. Nd2 Qf7 18. f4 Qg6 19. Nxe4 fxe4 20. Rd4
Rad8 21. Rcd1 Bd5 22. Qd2 Rb8 23. Rxd5 exd5 24. Qxd5+ Kh8 25. Bxe4 Qb6 26. Qd3
c6 27. Qe2 Rbd8 28. Bd3 g6 29. Kf2 Qc5 30. Qc2 Qxe5 31. Qc3 Qxc3 32. bxc3 Rd5
33. Bc2 Rxd1 34. Bxd1 Rd8 35. Ke2 Kg7 36. e4 Kf6 37. e5+ Ke6 38. Bb3+ Ke7 39.
h3 b5 40. g4 c5 41. Ke3 c4 42. Bc2 Ke6 43. h4 a5 44. h5 gxh5 45. gxh5 h6 46.
Bg6 Rd3+ 47. Ke4 b4 48. f5+ Ke7 49. f6+ Ke6 50. Bf5+ Kf7 51. Bg6+ Ke6 52. Bf5+
Kf7 53. Bg6+ 1/2-1/2

[Event "Mechanics' Spring TNM; 30/90, SD/30"]
[Site "San Francisco"]
[Date "2010.04.20"]
[Round "6.14"]
[White "Cohee, James"]
[Black "Shnaiderman, Lazar"]
[Result "0-1"]
[WhiteElo "1640"]
[BlackElo "1873"]
[PlyCount "84"]
[EventDate "2010.??.??"]

1. d4 Nf6 2. c4 e6 3. g3 c5 4. Nf3 cxd4 5. Nxd4 Nc6 6. Bg2 Bb4+ 7. Bd2 Be7 8.
Bc3 O-O 9. O-O d5 10. Nd2 Nxd4 11. Bxd4 Bd7 12. Qb3 Bc6 13. Rfd1 Qa5 14. Qd3
Rfd8 15. Nb3 Qa6 16. cxd5 Qxd3 17. Rxd3 Nxd5 18. a3 Bb5 19. Rd2 b6 20. e3 Rac8
21. Nc1 Bf6 22. Nd3 Bxd4 23. exd4 Bxd3 24. Rxd3 Rc2 25. Bxd5 Rxd5 26. Rc3 Rxc3
27. bxc3 f6 28. a4 e5 29. dxe5 Rxe5 30. Rd1 Ra5 31. Rd4 Kf7 32. Kg2 Ke6 33. Kf3
Rc5 34. Re4+ Kf7 35. Rd4 Rxc3+ 36. Ke4 Rc7 37. h4 g6 38. f4 f5+ 39. Ke5 Ke7 40.
Rd5 Rc4 41. Rd4 Rxd4 42. Kxd4 Kd6 0-1

[Event "Mechanics' Spring TNM; 30/90, SD/30"]
[Site "San Francisco"]
[Date "2010.03.16"]
[Round "1.19"]
[White "Cole, Tony"]
[Black "Chen, Mingson"]
[Result "0-1"]
[WhiteElo "1364"]
[BlackElo "1923"]
[PlyCount "36"]
[EventDate "2010.??.??"]

1. e4 c5 2. Nf3 d6 3. Nc3 a6 4. d4 cxd4 5. Nxd4 e6 6. Bc4 b5 7. Bb3 Bb7 8. a3
Nf6 9. Qd3 Nbd7 10. f3 Nc5 11. Qe2 Be7 12. e5 dxe5 13. Qxe5 O-O 14. Be3 Nfd7
15. Qh5 Nf6 16. Qh3 e5 17. Nf5 Ncd7 18. Nxe7+ Qxe7 {remainder illegible} 0-1

[Event "Mechanics' Spring TNM; 30/90, SD/30"]
[Site "San Francisco"]
[Date "2010.05.04"]
[Round "8.11"]
[White "Cole, Tony"]
[Black "Chernobilskiy, Mikhail"]
[Result "0-1"]
[WhiteElo "1364"]
[BlackElo "1858"]
[PlyCount "54"]
[EventDate "2010.??.??"]

1. e4 e5 2. Nf3 Nc6 3. Nc3 Nf6 4. d4 exd4 5. Nxd4 Nxd4 6. Qxd4 d6 7. Bg5 Be7 8.
O-O-O O-O 9. e5 Ne8 10. Bxe7 Qxe7 11. exd6 Nxd6 12. Bd3 Be6 13. Rde1 Rfd8 14.
Nd5 Qg5+ 15. Ne3 Nf5 16. Qe5 Rd5 17. Qxc7 Rxd3 18. f4 Qd8 19. Qe5 Rxe3 20. Rxe3
Nxe3 21. Qxe3 Qd5 22. b3 Rc8 23. Rd1 Qxg2 24. Rd2 Qc6 25. Qxa7 Qc3 26. Re2 Bg4
27. Re3 Qxc2# 0-1

[Event "Mechanics' Spring TNM; 30/90, SD/30"]
[Site "San Francisco"]
[Date "2010.03.30"]
[Round "3.18"]
[White "Cole, Tony"]
[Black "Leavens, Weston"]
[Result "0-1"]
[WhiteElo "1364"]
[BlackElo "1836"]
[PlyCount "37"]
[EventDate "2010.??.??"]

1. e4 e6 2. Nf3 c5 3. Nc3 Nc6 4. d4 cxd4 5. Nxd4 d5 6. Be3 Nf6 7. Nxc6 bxc6 8.
e5 Nd7 9. f4 Bb4 10. Bd2 O-O 11. Qh5 f6 12. Bd3 f5 13. O-O-O Nc5 14. Be2 Qa5
15. Kb1 d4 16. a3 Bxc3 17. bxc3 Qxa3 18. Bc4 Rb8+ 19. Bb3 0-1

[Event "Mechanics' Spring TNM; 30/90, SD/30"]
[Site "San Francisco"]
[Date "2010.05.04"]
[Round "8.17"]
[White "Dembling, Arthur"]
[Black "Campers, Willie"]
[Result "0-1"]
[WhiteElo "1726"]
[BlackElo "1686"]
[PlyCount "94"]
[EventDate "2010.??.??"]

1. e4 e6 2. d4 d5 3. e5 c5 4. c3 Qb6 5. Nf3 Nc6 6. Be2 Bd7 7. O-O cxd4 8. cxd4
Nge7 9. Nc3 Nf5 10. Na4 Qc7 11. Be3 b5 12. Nc3 a6 13. Bd3 Nxe3 14. fxe3 Be7 15.
Rc1 Qb6 16. Qe2 O-O 17. Qc2 g6 18. Ne2 Nb4 19. Qb3 Nxd3 20. Qxd3 b4 21. Qd2 a5
22. Nf4 Rac8 23. Nd3 Bb5 24. Rfe1 Qa6 25. Nc5 Bxc5 26. Rxc5 Rxc5 27. dxc5 Rc8
28. Rc1 Bd3 29. Nd4 Be4 30. Nb3 Qb5 31. Qd4 a4 32. Nd2 Bf5 33. g4 Bd3 34. Kf2
b3 35. axb3 axb3 36. Rc3 Bc2 37. e4 dxe4 38. Nxe4 Bxe4 39. Qxe4 Rxc5 40. Qa8+
Kg7 41. Qf3 Rxe5 42. Rxb3 Qc5+ 43. Kg3 h5 44. h3 Qg1+ 45. Kf4 Qe1 46. Qc3 g5+
47. Kf3 Qe2+ 0-1

[Event "Mechanics' Spring TNM; 30/90, SD/30"]
[Site "San Francisco"]
[Date "2010.04.27"]
[Round "7.19"]
[White "Dembling, Arthur"]
[Black "Cole, Tony"]
[Result "0-1"]
[WhiteElo "1726"]
[BlackElo "1364"]
[PlyCount "54"]
[EventDate "2010.??.??"]

1. e4 Nc6 2. d4 d5 3. e5 f6 4. Nf3 Bg4 5. Bf4 Qd7 6. c3 O-O-O 7. Be2 e6 8. h3
Bxf3 9. Bxf3 Nge7 10. Nd2 Ng6 11. Bg3 fxe5 12. dxe5 Ngxe5 13. Be2 Bd6 14. Bb5
a6 15. Be2 h6 16. Qc2 Nf7 17. Bxd6 Qxd6 18. O-O-O Qf4 19. Rhf1 Nd6 20. Kb1 d4
21. Nf3 dxc3 22. Qxc3 e5 23. g3 Qf5+ 24. Ka1 Ne4 25. Qc2 Rxd1+ 26. Rxd1 Nxg3
27. Qxf5+ Nxf5 0-1

[Event "Mechanics' Spring TNM; 30/90, SD/30"]
[Site "San Francisco"]
[Date "2010.04.13"]
[Round "5.19"]
[White "Dembling, Arthur"]
[Black "Montoya, Daniel"]
[Result "1-0"]
[WhiteElo "1726"]
[BlackElo "1409"]
[PlyCount "47"]
[EventDate "2010.??.??"]

1. e4 e5 2. Nf3 Nc6 3. Bb5 f5 4. Bxc6 dxc6 5. Nc3 Nf6 6. Qe2 Bd6 7. O-O O-O 8.
d3 f4 9. d4 Bg4 10. dxe5 Bxe5 11. Qc4+ Kh8 12. Nxe5 Bh5 13. f3 Qe7 14. Nd3 Nd7
15. Nxf4 Qh4 16. Nxh5 Qxh5 17. Be3 Rf6 18. Rad1 Ne5 19. Qe2 Raf8 20. Rd2 Qf7
21. Bd4 Re6 22. Bxe5 Rxe5 23. Rfd1 Rfe8 24. Rd7 1-0

[Event "Mechanics' Spring TNM; 30/90, SD/30"]
[Site "San Francisco"]
[Date "2010.03.30"]
[Round "3.20"]
[White "Dembling, Arthur"]
[Black "Olson, David"]
[Result "1-0"]
[WhiteElo "1726"]
[BlackElo "1471"]
[PlyCount "49"]
[EventDate "2010.??.??"]

1. e4 e5 2. Nf3 d6 3. Bc4 Be6 4. Bb3 Nf6 5. Nc3 Nbd7 6. d4 Bxb3 7. axb3 exd4 8.
Qxd4 c5 9. Qd3 Ne5 10. Nxe5 dxe5 11. Qxd8+ Rxd8 12. Rxa7 Rb8 13. Bg5 h6 14.
Bxf6 gxf6 15. Nd5 Bg7 16. Ke2 Kd7 17. Rd1 Ke6 18. Nc7+ Ke7 19. Na6 Rbc8 20.
Rxb7+ Ke8 21. Rdd7 Bf8 22. Rxf7 Rc6 23. Nb8 Rc8 24. Rxf6 Rg8 25. Re6+ 1-0

[Event "Mechanics' Spring TNM; 30/90, SD/30"]
[Site "San Francisco"]
[Date "2010.04.20"]
[Round "6.16"]
[White "Frank, Robert"]
[Black "Beilin, Allan"]
[Result "0-1"]
[WhiteElo "1212"]
[BlackElo "1808"]
[PlyCount "84"]
[EventDate "2010.??.??"]

1. d4 d5 2. Nf3 Nf6 3. e3 e6 4. Bd3 Be7 5. Nbd2 O-O 6. e4 dxe4 7. Nxe4 Nbd7 8.
Nxf6+ Nxf6 9. O-O b6 10. b3 Bb7 11. Bb2 Bd6 12. Re1 c6 13. a4 Qc7 14. Ba3 Bxa3
15. Rxa3 c5 16. c3 cxd4 17. cxd4 Qd6 18. Ra2 Bxf3 19. gxf3 Rad8 20. Rd2 Kh8 21.
Bb5 Nd5 22. Qc1 Qf4 23. Be2 Rc8 24. Rc2 Rxc2 25. Qxc2 Qxd4 26. Rd1 Qe5 27. Qe4
Qxe4 28. fxe4 Nc3 29. Re1 Nxe4 30. Bd3 Nc5 31. Bc2 Rd8 32. Rd1 Rxd1+ 33. Bxd1
g6 34. b4 Nd3 35. b5 Kg7 36. Kg2 Kf6 37. Kf3 Ke5 38. Ke3 Nc5 39. h4 Kd5 40. a5
bxa5 41. f4 a4 42. h5 a3 0-1

[Event "Mechanics' Spring TNM; 30/90, SD/30"]
[Site "San Francisco"]
[Date "2010.03.23"]
[Round "2.24"]
[White "Frank, Robert"]
[Black "Campers, Willie"]
[Result "0-1"]
[WhiteElo "1212"]
[BlackElo "1686"]
[PlyCount "185"]
[EventDate "2010.??.??"]

1. d4 Nf6 2. Nf3 d5 3. e3 c5 4. c3 Nc6 5. Bd3 Bg4 6. Nbd2 e6 7. h3 Bh5 8. a4
Bd6 9. dxc5 Bxc5 10. b4 Bd6 11. O-O O-O 12. Re1 Rc8 13. Bb2 Ne5 14. Be2 Nc4 15.
Nxc4 dxc4 16. Qd4 Qe7 17. Qxa7 Bb8 18. Qd4 Rfd8 19. Qh4 Qc7 20. g4 Bg6 21. Kg2
Be4 22. Qg3 Qe7 23. Qh4 h6 24. g5 Nh7 25. Qxe4 Nxg5 26. Nxg5 Qxg5+ 27. Qg4 Qe7
28. Rad1 Qc7 29. Qg3 Qc6+ 30. Qf3 Qc7 31. Qg3 Qc6+ 32. Qf3 Qc7 33. Kf1 Re8 34.
Rd4 e5 35. Rxc4 Qd7 36. Rxc8 Qxc8 37. Qg4 Qc6 38. a5 Qh1+ 39. Qg1 Qxh3+ 40. Qg2
Qd7 41. Rd1 Qc7 42. c4 Re6 43. e4 Rg6 44. Qf3 Qe7 45. c5 Qg5 46. Qh1 Bc7 47.
Bc1 Qf6 48. Bh5 Qa6+ 49. Ke1 Rf6 50. Be2 Qe6 51. Rd5 Qc6 52. b5 Bxa5+ 53. Bd2
Qc7 54. b6 Bxd2+ 55. Kxd2 Qc6 56. f3 Qa4 57. Qc1 Rg6 58. Qc3 Rg2 59. Rxe5 Qa2+
60. Ke3 Qxe2+ 61. Kd4 Qd1+ 62. Ke3 Re2+ 63. Kf4 g5+ 64. Kf5 Qd7+ 65. Kf6 Qc6+
66. Ke7 Ra2 67. Qd4 Ra8 68. Qd7 Rc8 69. Qxc6 Rxc6 70. Kd7 Kg7 71. Rf5 Kg6 72.
f4 g4 73. Rd5 h5 74. Rd6+ Rxd6+ 75. Kxd6 g3 76. c6 g2 77. c7 g1=Q 78. c8=Q Qd4+
79. Kc7 Qc4+ 80. Kxb7 Qxe4+ 81. Qc6+ Kf5 82. Qxe4+ Kxe4 83. Kc6 h4 84. b7 Kxf4
85. b8=Q+ Kg4 86. Qh2 f5 87. Qg2+ Kf4 88. Kd5 Ke3 89. Qg5+ f4 90. Qxh4 f3 91.
Qe1+ Kf4 92. Kd4 Kg4 93. Ke3 0-1

[Event "Mechanics' Spring TNM; 30/90, SD/30"]
[Site "San Francisco"]
[Date "2010.05.04"]
[Round "8.21"]
[White "Frank, Robert"]
[Black "Mar, Henry"]
[Result "1-0"]
[WhiteElo "1212"]
[BlackElo "1500"]
[PlyCount "103"]
[EventDate "2010.??.??"]

1. d4 Nf6 2. Nf3 g6 3. g3 c6 4. Bg2 Bg7 5. O-O O-O 6. c4 d5 7. cxd5 cxd5 8. Nc3
Nc6 9. e3 b6 10. Bd2 Ba6 11. Re1 Nb4 12. Qa4 Nd3 13. Qxa6 Nxe1 14. Bxe1 e6 15.
a4 Nd7 16. a5 Nb8 17. Qb5 Nd7 18. axb6 Nxb6 19. Qd3 Nc4 20. Nd1 Qb6 21. Bc3 f5
22. Nd2 Nd6 23. Ra6 Qb8 24. f3 Re8 25. e4 Qb5 26. Qxb5 Nxb5 27. e5 Nc7 28. Rc6
Nb5 29. b4 Bh6 30. f4 Bf8 31. Nb3 Rac8 32. Rxc8 Rxc8 33. Nc5 Kf7 34. Bf1 Na3
35. Bd3 Rb8 36. h4 h5 37. Nd7 Rb7 38. Nxf8 Kxf8 39. Kf1 Rc7 40. Ke2 Ke7 41. Kd2
Nc4+ 42. Kc2 Kd7 43. Kb3 a6 44. Nb2 Nxb2 45. Bxb2 Ra7 46. Ka4 Kc7 47. Ka5 Kc6
48. Bxa6 Ra8 49. b5+ Kc7 50. Ba3 Kd7 51. Kb6 Rb8+ 52. Ka7 1-0

[Event "Mechanics' Spring TNM; 30/90, SD/30"]
[Site "San Francisco"]
[Date "2010.04.27"]
[Round "7.1"]
[White "Fuentes, Romulo"]
[Black "Grefe, John"]
[Result "1-0"]
[WhiteElo "2201"]
[BlackElo "2373"]
[PlyCount "59"]
[EventDate "2010.??.??"]

1. e4 c5 2. Nf3 a6 3. Nc3 d6 4. d4 cxd4 5. Nxd4 e6 6. Bc4 b5 7. Bd3 Bb7 8. a4
b4 9. Nce2 Nf6 10. Ng3 Nbd7 11. Qe2 Nc5 12. a5 d5 13. e5 Nfe4 14. f3 Nxd3+ 15.
cxd3 Nc5 16. O-O Rb8 17. Nh5 Nd7 18. f4 g6 19. Ng3 Bc5 20. Be3 O-O 21. Kh1 Qe7
22. Rac1 Rbc8 23. Bf2 Bxd4 24. Bxd4 Nc5 25. Qd1 Rc6 26. Qg4 Nb3 27. Rxc6 Bxc6
28. Bb6 Rc8 29. Nh5 Bb5 {White is clearly better with Nxd5 and Qh4 each a
strong threat, but resignation was premature.} 30. Nf6+ 1-0

[Event "Mechanics' Spring TNM; 30/90, SD/30"]
[Site "San Francisco"]
[Date "2010.04.06"]
[Round "4.3"]
[White "Fuentes, Romulo"]
[Black "Klinetobe, David"]
[Result "1-0"]
[WhiteElo "2201"]
[BlackElo "2017"]
[PlyCount "115"]
[EventDate "2010.??.??"]

1. e4 c5 2. Nf3 Nc6 3. d4 cxd4 4. Nxd4 g6 5. Nc3 Bg7 6. Be3 Nf6 7. Bc4 O-O 8.
Bb3 a5 9. a4 Ng4 10. Nxc6 Nxe3 11. Nxd8 Nxd1 12. Nd5 Rxd8 13. Rxd1 Kf8 14. Nb6
Ra6 15. Nxc8 Rxc8 16. Rxd7 Rb6 17. Ke2 Bxb2 18. h4 h5 19. Rd5 Rb4 20. f3 Bc3
21. Rhd1 Rb6 22. R1d3 Rbc6 23. f4 e6 24. Rb5 b6 25. Rd7 Ke8 26. Rd3 Ke7 27. Kf3
f6 28. f5 gxf5 29. exf5 e5 30. Bd5 Rd6 31. Ke4 Be1 32. c4 Bxh4 33. Rh3 Bf2 34.
Rxh5 Rdd8 35. Rh7+ Kd6 36. Be6 Rh8 37. Rd5+ Kc6 38. Rf7 Rcf8 39. Ra7 Rd8 40.
Bd7+ Rxd7 41. Raxd7 Rh4+ 42. Kd3 e4+ 43. Ke2 e3 44. R7d6+ Kc7 45. Rd4 Rh1 46.
Rd1 Rh4 47. R6d4 Rh5 48. Rf4 Bg3 49. Rf3 Bf2 50. g4 Rh2 51. Rxe3 Bxe3+ 52. Kxe3
Ra2 53. g5 fxg5 54. f6 Rh2 55. Rf1 Rh8 56. Ke4 Kc6 57. Rf5 g4 58. Kf4 1-0

[Event "Mechanics' Spring TNM; 30/90, SD/30"]
[Site "San Francisco"]
[Date "2010.04.20"]
[Round "6.4"]
[White "Fuentes, Romulo"]
[Black "Manvelyan, Hovik"]
[Result "1-0"]
[WhiteElo "2201"]
[BlackElo "1959"]
[PlyCount "65"]
[EventDate "2010.??.??"]

1. e4 e6 2. d4 d5 3. Nc3 Bb4 4. e5 c5 5. a3 Bxc3+ 6. bxc3 Ne7 7. Qg4 Nf5 8. Bd3
h5 9. Qh3 Nc6 10. g4 Nh6 11. Qxh5 Rf8 12. dxc5 Qa5 13. Ne2 d4 14. Qg5 Bd7 15.
Rb1 Qxc5 16. Rb5 Qe7 17. Qxg7 Ng8 18. Rxb7 dxc3 19. Rb3 Qc5 20. Rb5 Qe7 21. h4
Nb8 22. Nxc3 Bxb5 23. Nxb5 Nc6 24. Be4 Kd7 25. Rh3 f5 26. exf6 Qxg7 27. fxg7
Rfc8 28. h5 Rab8 29. Rd3+ Ke7 30. Bg5+ Nf6 31. Nd6 Rc7 32. Bxc6 Rxc6 33. Ne4
1-0

[Event "Mechanics' Spring TNM; 30/90, SD/30"]
[Site "San Francisco"]
[Date "2010.03.23"]
[Round "2.5"]
[White "Fuentes, Romulo"]
[Black "Ramachandran, Jayakrishnan"]
[Result "1-0"]
[WhiteElo "2201"]
[BlackElo "1932"]
[PlyCount "39"]
[EventDate "2010.??.??"]

1. e4 g6 2. d4 Bg7 3. Nc3 d6 4. Be2 Nf6 5. h4 Nbd7 6. h5 h6 7. hxg6 fxg6 8. Be3
e5 9. Qd2 g5 10. O-O-O exd4 11. Bxd4 Qe7 12. f4 gxf4 13. Nh3 c5 14. Bxf6 Nxf6
15. Nxf4 Rh7 16. e5 Qxe5 17. Bd3 Kd8 18. Rhe1 Qg5 19. Bxh7 Nxh7 20. Qxd6+ 1-0

[Event "Mechanics' Spring TNM; 30/90, SD/30"]
[Site "San Francisco"]
[Date "2010.03.23"]
[Round "2.10"]
[White "Gaffagan, Steven"]
[Black "Chernobilskiy, Mikhail"]
[Result "1-0"]
[WhiteElo "2020"]
[BlackElo "1858"]
[PlyCount "73"]
[EventDate "2010.??.??"]

1. Nf3 f5 2. g3 Nf6 3. Bg2 g6 4. O-O Bg7 5. d4 O-O 6. c4 d6 7. Nc3 Qe8 8. d5 a5
9. Rb1 Na6 10. Nd4 Bd7 11. b3 c6 12. a3 e5 13. dxe6 Bxe6 14. Nxe6 Qxe6 15. Be3
Nc5 16. Bd4 Rad8 17. e3 Rd7 18. Qc2 Nce4 19. Nxe4 Nxe4 20. Bb6 Ra8 21. Rbd1 c5
22. Bxe4 fxe4 23. Qd2 a4 24. bxa4 Rxa4 25. Bxc5 Rxc4 26. Bb4 d5 27. Qa2 Qc6 28.
Rd2 Kh8 29. Rfd1 d4 30. exd4 Bxd4 31. Rxd4 Rdxd4 32. Rxd4 Rc1+ 33. Kg2 e3+ 34.
Kh3 Qc8+ 35. g4 Rc2 36. Qa1 Kg8 37. Qd1 1-0

[Event "Mechanics' Spring TNM; 30/90, SD/30"]
[Site "San Francisco"]
[Date "2010.04.20"]
[Round "6.5"]
[White "Gaffagan, Steven"]
[Black "Klinetobe, David"]
[Result "1-0"]
[WhiteElo "2020"]
[BlackElo "2017"]
[PlyCount "65"]
[EventDate "2010.??.??"]

1. e4 c5 2. Nf3 Nc6 3. Bb5 e6 4. O-O Nge7 5. Re1 a6 6. Bf1 d5 7. exd5 Nxd5 8.
d4 cxd4 9. Nxd4 Bd6 10. Nxc6 bxc6 11. c4 Nf6 12. Nc3 Qc7 13. g3 h5 14. Bg5 Bb7
15. Bg2 Bb4 16. Qf3 Be7 17. Rad1 Rb8 18. Bf4 Qc8 19. Bxb8 Qxb8 20. Ne4 Nxe4 21.
Qxe4 h4 22. Qd4 O-O 23. c5 hxg3 24. hxg3 Qa7 25. b4 Rd8 26. Qf4 Qb8 27. Qxb8
Rxb8 28. Rd7 Bf6 29. a3 Bb2 30. Red1 Bf6 31. R1d6 Kf8 32. Bxc6 Bxc6 33. Rxc6
1-0

[Event "Mechanics' Spring TNM; 30/90, SD/30"]
[Site "San Francisco"]
[Date "2010.05.04"]
[Round "8.2"]
[White "Gaffagan, Steven"]
[Black "Traub, Igor"]
[Result "0-1"]
[WhiteElo "2020"]
[BlackElo "2104"]
[PlyCount "98"]
[EventDate "2010.??.??"]

1. e4 e6 2. d4 d5 3. Nc3 Nf6 4. e5 Nfd7 5. f4 c5 6. Nf3 Nc6 7. Be3 Be7 8. Qd2
a6 9. g3 b5 10. Bg2 Bb7 11. O-O O-O 12. Rad1 cxd4 13. Nxd4 Nb6 14. Nxc6 Bxc6
15. b3 b4 16. Ne2 Bb5 17. Rf2 Bxe2 18. Qxe2 Nd7 19. Bd4 g6 20. Bf3 Bc5 21. Qe3
Rc8 22. Rdd2 Qb6 23. Bxc5 Qxc5 24. Rd4 a5 25. Rfd2 Qc3 26. Qxc3 Rxc3 27. Kg2
Rfc8 28. Bd1 Nc5 29. Bf3 Kf8 30. g4 h6 31. h4 Ke7 32. Kf2 Nd7 33. g5 h5 34. a3
bxa3 35. Ra4 Rxc2 36. Rxc2 Rxc2+ 37. Ke3 Rc3+ 38. Ke2 Rxb3 39. Rxa5 Nb6 40.
Ra7+ Kf8 41. Kf2 Rb2+ 42. Kg3 a2 43. Kh3 Nc4 44. f5 Rb3 45. fxg6 fxg6 46. Ra8+
Ke7 47. Ra7+ Kd8 48. Rxa2 Rxf3+ 49. Kg2 Ra3 0-1